Place or Food? Quiz Stats

 Plays Quiz Updated Aug 4, 2015

Support Sporcle.
Go Orange.
Score 0/42 Timer 03:00
0 Plays Today
Thing Place or Food? % Correct
Sri Lanka???
93.5%
Gnocchi???
92.2%
Helsinki???
91.8%
Oslo???
91.7%
Couscous???
91.5%
Saffron???
91.5%
Escargot???
91.4%
Malawi???
90.7%
Hollandaise???
90.6%
Jakarta???
90.5%
Pilaf???
90.2%
Paella???
90%
Togo???
89.5%
Okra???
89.3%
Ankara???
89.1%
Krakow???
89.1%
Hanoi???
89%
Toledo???
88.8%
Baklava???
88.3%
Caracas???
88.2%
Lesotho???
86.8%
Thing Place or Food? % Correct
Canberra???
85.8%
Basmati???
85.6%
Matzah???
85.3%
Borscht???
84.8%
Pierogi???
84.7%
Mojave???
82.9%
Tamarind???
82.1%
Phnom Penh???
79.7%
Riga???
79%
Spanakopita???
78.3%
Latka???
76.5%
Horchata???
75.8%
Jicama???
75.1%
Karachi???
73.5%
Bulgur???
69.8%
Kibbeh???
69.7%
Cusco???
67.5%
Chichen Itza???
64.8%
Tom Kha???
60.2%
Tamago???
54%
Opor???
43.8%

From the Vault

4-Word TV Shows by Picture

by lolshortee

'I could be a super-villain and not even know it.' - Hal
Remove Ads.
Support Sporcle.
Get the best of Sporcle when you Go Orange. This ad-free experience offers more features, more stats, and more fun while also helping to support Sporcle. Thank you for becoming a member.

Show Comments

Extras

Top Quizzes Today


Score Distribution

Your Account Isn't Verified!

In order to create a playlist on Sporcle, you need to verify the email address you used during registration. Go to your Sporcle Settings to finish the process.

Report this User

Report this user for behavior that violates our Community Guidelines.

Details: